00493nam a22001937a 450000500170000000800410001701000100005801100100006803500100007808200180008810000330010624500510013925000090019026000370019930000100023650000130024665000220025965000180028120220817043056.0971010s1989 r 00010 d a64823 a65795 a73182 a634bC34 198900aCalderón Alcaraz, Esteban. aFruticultura generalb: el esfuerzo del hombre a3 ed aMéxico, D. F. :bLimusa,c1989 a763 p a1992/16914aArboles frutales.14aFruticultura.